|
|
|
|
| LEADER |
00770nam a22002292a 4500 |
| 001 |
000374804 |
| 003 |
CZ BrMZK |
| 005 |
20210716103012.0 |
| 007 |
ta |
| 008 |
040716s1967 gw f |||| 0 ger d |
| 040 |
|
|
|a BOA001
|b cze
|
| 100 |
1 |
|
|a Nolte, Ernst,
|d 1923-2016
|7 jn19990006158
|4 aut
|
| 245 |
1 |
0 |
|a Theorien über den Faschismus /
|c Ernst Nolte
|
| 260 |
|
|
|a Köln :
|b Kiepenheuer & Witsch,
|c 1967
|
| 300 |
|
|
|a 513 s.
|
| 490 |
1 |
|
|a Neue Wissenschaftliche Bibliothek.
|a Geschichte ;
|v 21
|
| 504 |
|
|
|a Obsahuje bibliografii
|
| 830 |
|
0 |
|a Neue wissenschaftliche Bibliothek (Kiepenheuer & Witsch).
|p Geschichte
|
| 910 |
|
|
|a BOA001
|b 2-0982.585
|
| 990 |
|
|
|a BK
|
| 991 |
|
|
|b 202106
|
| 996 |
7 |
|
|b 2619814104
|c 2-0982.585
|l MZK
|r Sklad / do 1 hodiny
|n 1
|w 000374804
|u 000010
|a 1
|e BOA001
|j MZK50
|s A
|